000
00277nam a2200133Ia 4500
008
240624s9999 xx 000 0 und d
041
_a
eng
082
_a
823 BOM
100
_a
BOMBECK ERMA
245
_a
AT WIT S END
260
_c
1986
300
_a
224 : p.
365
_c
_b
26
999
_c
22869
_d
22869